000 00821cab a2200229 4500
001 WB3504-37
008 090401t1999 xxu||||| |||| 00| 0 eng d
035 _a(Sirsi) u90901
041 _aeng
245 _aTenants prepare rent cut demand
260 _c1999
350 _a0
490 _aHerald
_v25 January 1999, 19(1)
520 _aScottish agricultural rents will be under review this year, due to lower farm returns. It is expected that farm tenants will push for a reduction in rents, probably making use of private arbitrators.
650 _aMANAGEMENT-DISPUTE AVOIDANCE, MANAGEMENT AND RESOLUTION-DISPUTE MANAGEMENT AND RESOLUTION-ARBITRATION
650 _aFARM RENTS
650 _aFORECASTS
650 _aSCOTLAND
690 _aLANDLORD AND TENANT-RENT REVIEWS
942 _n0
948 _c26/01/1999
999 _c57663
_d57663